Score 0/18 Timer 03:00
0 Plays Today
Show Missing Word % Correct
Hell's _______Kitchen
99%
Man vs. _______Food
82.7%
Yan Can _______Cook
79.7%
The Naked _____Chef
77.5%
30 Minute _______Meals
73.1%
______, Drive-Ins and DivesDiners
72%
_______ Chef AmericaIron
70.7%
_______ ContessaBarefoot
65.5%
_______ ReservationsNo
55.3%
Show Missing Word % Correct
Ramsay's Kitchen _______Nightmares
54%
Good _______Eats
51%
The _______ ChefFrench
37.9%
Emeril _______Live
37.8%
The _______ GourmetGalloping
36%
America’s _______ KitchenTest
24.3%
DC _______Cupcakes
16.5%
Mexico: One _______ at a TimePlate
11.7%
_______ with YanWok
9.8%

Today's Daily Dose

Remove Ads.
Support Sporcle.
Get the best of Sporcle when you Go Orange. This ad-free experience offers more features, more stats, and more fun while also helping to support Sporcle. Thank you for becoming a member.

You're not logged in!

Compare scores with friends on all Sporcle quizzes.
OR
Log In

Show Comments

Extras

Top Quizzes Today


Score Distribution

Your Account Isn't Verified!

In order to create a playlist on Sporcle, you need to verify the email address you used during registration. Go to your Sporcle Settings to finish the process.

Report this User

Report this user for behavior that violates our Community Guidelines.

Details: